000 00397nam a2200145Ia 4500
008 150201s1990 xx 000 0 und d
082 _a617.69
_bP1990H
100 _aHICKEY. JUDSON C.
245 _aPROSTHODONTICS TREATMENT FOR EDENTULOUS PATIENTS
250 _a9TH
260 _bC.B.S PUBLISHERS & DISTRIBUTERS
_aDELHI
_c1990
300 _a1-646
650 _aPROSTHODONTICS
942 _2ddc
_cBK
_02
999 _c2845
_d2845